|
|
|
|
| LEADER |
00000cas a2200000 a 4500 |
| 003 |
Ucuenca |
| 005 |
20230308224858.0 |
| 008 |
007043| ||||||||r|||||||||||spa|| |
| 040 |
|
|
|b spa
|
| 041 |
1 |
|
|a spa
|
| 082 |
0 |
|
|a 050
|b T368a
|
| 245 |
|
|
|a Avance
|c Rolando Tello Espinosa
|h imp
|
| 264 |
|
|
|a Cuenca
|b Gráficas Hernández
|c Marzo 2007
|
| 300 |
|
|
|a 18 páginas:
|b ilu
|c 21 cm
|
| 362 |
|
|
|a no. 184 (marzo de 2007)
|
| 504 |
|
|
|a incl. ref.
|
| 650 |
|
0 |
|a Asamblea nacional ecuatoriana
|9 175387
|
| 650 |
|
0 |
|a Jubones
|9 191179
|
| 650 |
|
0 |
|a Quimsacocha
|9 156596
|
| 650 |
|
4 |
|a Periodismo
|9 635
|
| 650 |
|
|
|a Revista avance
|9 174979
|
| 700 |
1 |
|
|a Tello Espinosa, Rolando
|e director
|9 4949
|
| 852 |
|
|
|a UC-CDJBV
|
| 942 |
|
|
|c SER
|z vanessa.morales@ucuenca.edu.ec
|
| 999 |
|
|
|c 150604
|d 150604
|